Optical signal processing : (Record no. 67515)
[ view plain ]
| 000 -LEADER | |
|---|---|
| fixed length control field | 00759nam a2200241 a 4500 |
| 001 - CONTROL NUMBER | |
| control field | 67515 |
| 003 - CONTROL NUMBER IDENTIFIER | |
| rucl marc code | BD-RjUL |
| 005 - DATE AND TIME OF LATEST TRANSACTION | |
| control field | 20211209081650.0 |
| 008 - FIXED-LENGTH DATA ELEMENTS--GENERAL INFORMATION | |
| fixed length control field | 170325s1991 gw a b 001 0 eng |
| 020 ## - INTERNATIONAL STANDARD BOOK NUMBER | |
| International Standard Book Number | 8173190089 |
| 035 ## - SYSTEM CONTROL NUMBER | |
| System control number | (BD-RjUL)67646 |
| 040 ## - CATALOGING SOURCE | |
| Original cataloging agency | DLC |
| Transcribing agency | DLC |
| Modifying agency | DLC |
| -- | BD-RjUL |
| Language of cataloging | eng |
| 041 ## - LANGUAGE CODE | |
| Language code of text/sound track or separate title | eng |
| 082 00 - DEWEY DECIMAL CLASSIFICATION NUMBER | |
| Edition number | 23 |
| Classification number | 621.3822 |
| Author mark and year | DAO 1991 |
| 100 1# - MAIN ENTRY--PERSONAL NAME | |
| Personal name | Das, Pankaj K., |
| Dates associated with a name | 1937- |
| 9 (RLIN) | 200062 |
| 245 10 - TITLE STATEMENT | |
| Title | Optical signal processing : |
| Remainder of title | fundamentals / |
| Statement of responsibility, etc. | Pankaj K. Das. |
| 260 ## - PUBLICATION, DISTRIBUTION, ETC. (IMPRINT) | |
| Place of publication, distribution, etc. | Berlin ; |
| -- | New York : |
| Name of publisher, distributor, etc. | Springer-Verlag, |
| Date of publication, distribution, etc. | c1991. |
| 300 ## - PHYSICAL DESCRIPTION | |
| Pagination | xi, 483 p. : |
| Illustrations | ill. ; |
| Size | 24 cm. |
| 504 ## - BIBLIOGRAPHY, ETC. NOTE | |
| Bibliography, etc | Includes bibliographical references (p. 469-470) and index. |
| 650 #0 - SUBJECT ADDED ENTRY--TOPICAL TERM | |
| Topical term or geographic name as entry element | Optical data processing. |
| 9 (RLIN) | 119354 |
| Topical term or geographic name as entry element | Signal processing. |
| 9 (RLIN) | 200063 |
| 942 ## - ADDED ENTRY ELEMENTS (KOHA) | |
| Source of classification or shelving scheme | Dewey Decimal Classification |
| Koha item type | Books |
| Lost status | Source of classification or shelving scheme | Damaged status | Not for loan | Collection code | Permanent Location | Current Location | Shelving location | Date acquired | Source of acquisition | Cost, normal purchase price | Total Checkouts | Full call number | Date last seen | Copy number | Koha item type |
|---|---|---|---|---|---|---|---|---|---|---|---|---|---|---|---|
| Dewey Decimal Classification | Not For Loan | Non-fiction | Central Library, University of Rajshahi | Central Library, University of Rajshahi | Reading Room | 09/10/1996 | Ankur, Dhaka | 395.00 | 621.3822 DAO 1991 | 25/03/2017 | C-1 | Books |